Human rights in Islam / (Record no. 74405)
[ view plain ]
| 000 -LEADER | |
|---|---|
| fixed length control field | 00738nam a2200241 a 4500 |
| 001 - CONTROL NUMBER | |
| control field | 74405 |
| 003 - CONTROL NUMBER IDENTIFIER | |
| rucl marc code | BD-RjUL |
| 005 - DATE AND TIME OF LATEST TRANSACTION | |
| control field | 20211209082540.0 |
| 008 - FIXED-LENGTH DATA ELEMENTS--GENERAL INFORMATION | |
| fixed length control field | 180911s2008 ii ||||| bi|| 001 0 eng d |
| 020 ## - INTERNATIONAL STANDARD BOOK NUMBER | |
| International Standard Book Number | 9788126131686 : |
| Terms of availability | Rs.2500.00 |
| 035 ## - SYSTEM CONTROL NUMBER | |
| System control number | (BD-RjUL)74623 |
| 040 ## - CATALOGING SOURCE | |
| Original cataloging agency | BD-RjUL |
| Language of cataloging | eng |
| Transcribing agency | BD-RjUL |
| 041 ## - LANGUAGE CODE | |
| Language code of text/sound track or separate title | eng |
| 082 ## - DEWEY DECIMAL CLASSIFICATION NUMBER | |
| Edition number | 23 |
| Classification number | 297.272 |
| Author mark and year | HUM 2008 |
| 245 ## - TITLE STATEMENT | |
| Title | Human rights in Islam / |
| Statement of responsibility, etc. | M.Mukarram Ahmed ; editor |
| 260 ## - PUBLICATION, DISTRIBUTION, ETC. (IMPRINT) | |
| Place of publication, distribution, etc. | New Delhi , India : |
| Name of publisher, distributor, etc. | Anmol Pub. , |
| Date of publication, distribution, etc. | 2008 |
| 300 ## - PHYSICAL DESCRIPTION | |
| Pagination | Xiii , 300 p. ; |
| Size | 25 cm |
| 650 ## - SUBJECT ADDED ENTRY--TOPICAL TERM | |
| Topical term or geographic name as entry element | Human rights |
| Form subdivision | Religious aspects |
| General subdivision | Islam. |
| 9 (RLIN) | 222434 |
| Topical term or geographic name as entry element | Civil rights (Islamic law) |
| 9 (RLIN) | 222435 |
| Topical term or geographic name as entry element | Muslims |
| Form subdivision | Civil rights. |
| 9 (RLIN) | 222436 |
| 700 ## - ADDED ENTRY--PERSONAL NAME | |
| Personal name | Ahmed, M.Mukarram |
| 942 ## - ADDED ENTRY ELEMENTS (KOHA) | |
| Source of classification or shelving scheme | Dewey Decimal Classification |
| Koha item type | Books |
| Lost status | Source of classification or shelving scheme | Damaged status | Not for loan | Collection code | Permanent Location | Current Location | Shelving location | Date acquired | Source of acquisition | Cost, normal purchase price | Total Checkouts | Full call number | Date last seen | Copy number | Koha item type |
|---|---|---|---|---|---|---|---|---|---|---|---|---|---|---|---|
| Dewey Decimal Classification | Not For Loan | Non-fiction | Central Library, University of Rajshahi | Central Library, University of Rajshahi | Reading Room | 12/08/2018 | International book Distribution , Dhaka. | 2650.00 | 297.272 HUM 2008 | 11/09/2018 | C-1 | Books |